00233nam a22000617a 4500008004100000100003600041245009400077161006b xxu||||| |||| 00| 0 eng d aChandio, Muhammad Yahyab91ME35 aMaintenance of 250 MW Steam Generator unit 1 at Thermal Power Station Jamshoro (Thesis)